Rethinking India's past / (Record no. 26710)

MARC details
000 -LEADER
fixed length control field 02990nam a22003975a 4500
005 - DATE AND TIME OF LATEST TRANSACTION
control field 20090523120423.0
008 - FIXED-LENGTH DATA ELEMENTS--GENERAL INFORMATION
fixed length control field 090218s2009 ii b 001 0 eng d
010 ## - LCCN (DPL NO)
LC control number ENG-93673
020 ## - INTERNATIONAL STANDARD BOOK NUMBER
International Standard Book Number 9780195697872
Terms of availability 695.00
020 ## - INTERNATIONAL STANDARD BOOK NUMBER
International Standard Book Number 0195697871
Terms of availability 695.00
035 ## - SYSTEM CONTROL NUMBER
System control number EN-77206
035 ## - SYSTEM CONTROL NUMBER
System control number B-360846-854
037 ## - SOURCE OF ACQUISITION
Stock number DBAD / PUB
037 ## - SOURCE OF ACQUISITION
Stock number Uppal Book Store
040 ## - CATALOGING SOURCE
Original cataloging agency dpl
Language of cataloging English
082 ## - DEWEY DECIMAL CLASSIFICATION NUMBER
Classification number 954.01
100 ## - MAIN ENTRY--PERSONAL NAME
Personal name Sharma, R.S.
245 ## - TITLE STATEMENT
Title Rethinking India's past /
Statement of responsibility, etc by R.S. Sharma
260 ## - PUBLICATION, DISTRIBUTION, ETC. (IMPRINT)
Place of publication, distribution, etc New Delhi
Name of publisher, distributor, etc Oxford University Press
Date of publication, distribution, etc 2009
270 ## - ADDRESS
Address YMCA Library Building, Jai Singh Road,
City New Delhi
Postal code 110001
300 ## - PHYSICAL DESCRIPTION
Extent viii, 299p.
Dimensions 23cm(Hb)
500 ## - GENERAL NOTE
General note Includes index
651 ## - SUBJECT ADDED ENTRY--GEOGRAPHIC NAME
Geographic name India
General subdivision History
942 ## - ADDED ENTRY ELEMENTS (KOHA)
Source of classification or shelving scheme Dewey Decimal Classification
Item type English Books
Call number suffix SHA
Classification part 954.01
Holdings
Withdrawn status Lost status Source of classification or shelving scheme Damaged status Not for loan Collection code Home library Current library Date acquired Source of acquisition Cost, normal purchase price Total Checkouts Full call number Barcode Date last seen Copy number Cost, replacement price Koha item type Total Renewals
    Dewey Decimal Classification       Bawana Bawana 10/03/2010 Uppal Book Store/9013/26.10.09/128/16.10.09/26.10.09 695.00 1 954.01 SHA B-360851 18/11/2022 1 695.00 English Books  
    Dewey Decimal Classification       Central Library Central Library 10/03/2010 Uppal Book Store/9013/26.10.09/128/16.10.09/26.10.09 695.00 5 954.01 SHA B-360846 31/08/2024 1 695.00 English Books 4
    Dewey Decimal Classification   Not For Loan Non-fiction D.B.Act.Division D.B.Act.Division 23/05/2009 DBAD / PUB 695.00   954.01 SHA EN-77206 23/05/2009 1 695.00 English Books  
    Dewey Decimal Classification       Janak Puri Janak Puri 10/03/2010 Uppal Book Store/9013/26.10.09/128/16.10.09/26.10.09 695.00 7 954.01 SHA B-360848 15/04/2019 1 695.00 English Books 4
    Dewey Decimal Classification       Patel Nagar Patel Nagar 10/03/2010 Uppal Book Store/9013/26.10.09/128/16.10.09/26.10.09 695.00 5 954.01 SHA B-360847 28/09/2022 1 695.00 English Books 3
    Dewey Decimal Classification       R.C.Libraries (BL-IV) R.C.Libraries (BL-IV) 10/03/2010 Uppal Book Store/9013/26.10.09/128/16.10.09/26.10.09 695.00   954.01 SHA B-360854 10/03/2010 1 695.00 English Books  
    Dewey Decimal Classification       Sarojini Nagar Sarojini Nagar 10/03/2010 Uppal Book Store/9013/26.10.09/128/16.10.09/26.10.09 695.00 2 954.01 SHA B-360849 24/06/2023 1 695.00 English Books 2
    Dewey Decimal Classification       Shahdara Branch Shahdara Branch 10/03/2010 Uppal Book Store/9013/26.10.09/128/16.10.09/26.10.09 695.00 5 954.01 SHA B-360852 27/03/2023 1 695.00 English Books 4
    Dewey Decimal Classification       Vinoba Puri Vinoba Puri 10/03/2010 Uppal Book Store/9013/26.10.09/128/16.10.09/26.10.09 695.00 9 954.01 SHA B-360850 09/10/2021 1 695.00 English Books 2
    Dewey Decimal Classification       Yojana Vihar Yojana Vihar 10/03/2010 Uppal Book Store/9013/26.10.09/128/16.10.09/26.10.09 695.00   954.01 SHA B-360853 10/03/2010 1 695.00 English Books  

© Delhi Public Library
Hit Counter
free hit counter